00282nam a2200121Ia 4500008004100000100002000041245001600061260003000077300000900107650002000116942000700136999001700143190216s9999||||xx |||||||||||||| ||und|| aGeorge Onakkoor 0aKalthhamara bNational Book Stallc1987 a165p aMalayalam Novel cBK c25862d25862